LEAVES OF GRASS (Record no. 33524)

MARC details
000 -LEADER
fixed length control field 00245nam a22001217a 4500
003 - CONTROL NUMBER IDENTIFIER
control field SGT
082 ## - DEWEY DECIMAL CLASSIFICATION NUMBER
Classification number 811.3
Item number WHI
100 ## - MAIN ENTRY--PERSONAL NAME
Personal name WHITMAN WALT
245 ## - TITLE STATEMENT
Title LEAVES OF GRASS
260 ## - PUBLICATION, DISTRIBUTION, ETC. (IMPRINT)
Place of publication, distribution, etc U.K
Name of publisher, distributor, etc HARPER PUB
Year of Publication 2015
300 ## - PAGE DESCRIPTION
No. of Pages 159
942 ## - ADDED ENTRY ELEMENTS (KOHA)
Source of classification or shelving scheme Dewey Decimal Classification
Koha item type Books
Holdings
Withdrawn status Lost status Source of classification or shelving scheme Damaged status Not for loan Collection code Home library Current library Shelving location Date acquired SGTU Total Checkouts Full call number Accession No. (Barcode) Date last seen Bill Date Koha item type
    Dewey Decimal Classification     MASS COMMUNICATION SGT Science & Social Sciences Library SGT Science & Social Sciences Library Text Book 24/01/2026 SGTU   811.3 WHI MC1344 24/01/2026 24/01/2026 Books